[Event "Chicago op 12th"]
[Site "Chicago"]
[Date "2003.05.23"]
[Round "1"]
[White "Gorlin, Andrey"]
[Black "Palos, Osman"]
[Result "0-1"]
[WhiteElo "2177"]
[BlackElo "2334"]
[PlyCount "53"]
[EventDate "2003.05.23"]
[EventType "swiss"]
[EventRounds "7"]
[EventCountry "USA"]
[SourceTitle "CBM 094 Extra"]
[Source "ChessBase"]
[SourceDate "2003.07.09"]
[SourceVersion "2"]
[SourceVersionDate "2003.07.09"]
[SourceQuality "1"]

1. e4 e6 2. d4 d5 3. e5 c5 4. c3 Nc6 5. Nf3 Bd7 6. Be2 Qb6 7. 0-0 f6 8. dxc5 Bxc5 9. b4 Be7 10. Bf4 fxe5 11. Nxe5 Nxe5 12. Bxe5 Nf6 13. Nd2 0-0 14. Nf3 Ng4 15. Qd4 Nxe5 16. Nxe5 Qxd4 17. cxd4 Ba4 18. Bg4 Rf6 19. a3 Bd8 20. Rfe1 Bb6 21. Nf3 Re8 22. Rac1 h6 23. h4 Kf7 24. Ne5+ Ke7 25. Nd3 Bxd4 26. Rc7+ Kf8 27. g3 0-1

[Event "Lindsborg Rotary op"]
[Site "Lindsborg"]
[Date "2002.12.22"]
[Round "7"]
[White "Palos, Osman"]
[Black "Donaldson, John W"]
[Result "1/2-1/2"]
[WhiteElo "2327"]
[BlackElo "2418"]
[PlyCount "42"]
[EventDate "2002.12.17"]
[EventType "swiss"]
[EventRounds "9"]
[EventCountry "USA"]
[SourceTitle "CBM 091 Extra"]
[Source "ChessBase"]
[SourceDate "2003.01.09"]
[SourceVersion "1"]
[SourceVersionDate "2003.01.09"]
[SourceQuality "1"]

1. c4 c5 2. Nf3 g6 3. e3 Bg7 4. d4 Nf6 5. Nc3 0-0 6. d5 d6 7. h3 e6 8. e4 exd5 9. exd5 Re8+ 10. Be2 Ne4 11. Nxe4 Rxe4 12. 0-0 Na6 13. Bd3 Re8 14. a3 Bd7 15. Rb1 b5 16. b3 b4 17. a4 h6 18. Bf4 Qf6 19. Bg3 Rad8 20. Bh4 g5 21. Bg3 Bf5 1/2-1/2

[Event "Lindsborg Rotary op"]
[Site "Lindsborg"]
[Date "2002.12.21"]
[Round "5"]
[White "Palos, Osman"]
[Black "Muhammad, Stephen A"]
[Result "1-0"]
[WhiteElo "2327"]
[BlackElo "2368"]
[PlyCount "49"]
[EventDate "2002.12.17"]
[EventType "swiss"]
[EventRounds "9"]
[EventCountry "USA"]
[SourceTitle "CBM 091 Extra"]
[Source "ChessBase"]
[SourceDate "2003.01.09"]
[SourceVersion "1"]
[SourceVersionDate "2003.01.09"]
[SourceQuality "1"]

1. e4 e5 2. Nf3 Nc6 3. Bb5 a6 4. Ba4 Nf6 5. Bxc6 dxc6 6. d3 Nd7 7. 0-0 Bd6 8. Nbd2 0-0 9. Nc4 f6 10. d4 exd4 11. Nxd4 Ne5 12. Nxd6 cxd6 13. f4 Nf7 14. c4 Re8 15. Re1 Qb6 16. Kh1 Bg4 17. Nf3 f5 18. Be3 Qxb2 19. exf5 Qa3 20. Qe2 Nh6 21. f6 gxf6 22. Qf2 Nf5 23. Bc1 Qd3 24. Ng1 Kf7 25. Bb2 1-0

[Event "Roman Levit Memorial"]
[Site "Milwaukee"]
[Date "2001.12.25"]
[Round "5"]
[White "Palos, Osman"]
[Black "Donaldson, John W"]
[Result "1/2-1/2"]
[WhiteElo "2339"]
[BlackElo "2436"]
[PlyCount "114"]
[EventDate "2001.12.23"]
[EventType "swiss"]
[EventRounds "5"]
[EventCountry "USA"]
[SourceTitle "EXT 2003"]
[Source "ChessBase"]
[SourceDate "2002.11.25"]
[SourceVersion "1"]
[SourceVersionDate "2002.11.25"]
[SourceQuality "1"]

1. e4 c5 2. Nf3 g6 3. c3 Bg7 4. d4 cxd4 5. cxd4 d5 6. exd5 Nf6 7. Nc3 Nxd5 8. Bb5+ Nc6 9. 0-0 0-0 10. h3 Be6 11. Bxc6 bxc6 12. Na4 Nb6 13. Nc5 Bd5 14. Ne5 f6 15. Ned3 e5 16. b3 exd4 17. Bf4 Qe7 18. Re1 Qf7 19. Qd2 Rfe8 20. Qb4 Nd7 21. Nxd7 Qxd7 22. Qxd4 Rad8 23. Rxe8+ Rxe8 24. Re1 Rxe1+ 25. Nxe1 Be6 26. Qe3 Bf8 27. Nf3 c5 28. Qc3 Be7 29. Be3 Qd1+ 30. Qe1 Qxe1+ 31. Nxe1 Bf5 32. Nf3 Kf7 33. Nd2 Ke6 34. Kf1 Bd3+ 35. Ke1 Kd5 36. h4 a6 37. Kd1 f5 38. g3 Bf6 39. Kc1 Be2 40. Kc2 Bd4 41. Nb1 Bf1 42. Nc3+ Kc6 43. Bxd4 cxd4 44. Na4 Bb5 45. Nb2 Kd5 46. a4 Bf1 47. b4 f4 48. gxf4 Ke4 49. Kd2 Kxf4 50. Nd3+ Ke4 51. b5 axb5 52. axb5 Kd5 53. f3 Kd6 54. f4 Bg2 55. Ne5 Kc5 56. Nd7+ Kxb5 57. Nf8 Kc5 1/2-1/2

[Event "North American op"]
[Site "Las Vegas"]
[Date "1997.12.27"]
[Round "3"]
[White "Palos, Osman"]
[Black "Small, Gregg"]
[Result "0-1"]
[WhiteElo "2477"]
[BlackElo "2355"]
[PlyCount "92"]
[EventDate "1997.12.??"]
[EventType "swiss"]
[EventCountry "USA"]
[SourceTitle "EXT 2023"]
[Source "ChessBase"]
[SourceDate "2022.10.05"]
[SourceVersion "1"]
[SourceVersionDate "2022.10.05"]
[SourceQuality "1"]

1. d4 d5 2. c4 dxc4 3. e3 Nf6 4. Bxc4 e6 5. Nf3 c5 6. 0-0 a6 7. a4 Nc6 8. Qe2 cxd4 9. Rd1 Be7 10. exd4 0-0 11. Nc3 Nb4 12. Bg5 Nfd5 13. Bd2 b6 14. Rac1 Bb7 15. Nxd5 Bxd5 16. Bxb4 Bxb4 17. Bxa6 Bxf3 18. gxf3 Bd6 19. Bb5 Qh4 20. Qe4 Qxh2+ 21. Kf1 Rac8 22. Ke2 Rxc1 23. Rxc1 h5 24. f4 Qxf4 25. Qxf4 Bxf4 26. Rc6 Rb8 27. Bc4 h4 28. Kf3 h3 29. Bf1 h2 30. Bg2 g5 31. Ke4 Ra8 32. b3 b5 33. axb5 Ra1 34. b6 h1Q 35. Bxh1 Rxh1 36. b7 Kg7 37. Rc8 Rh2 38. b8Q Bxb8 39. Rxb8 Rxf2 40. Rc8 Rb2 41. Rc3 Kg6 42. Kd3 g4 43. Ke4 f5+ 44. Kf4 Rf2+ 45. Kg3 Rd2 46. b4 Kg5 0-1

[Event "Chicago op"]
[Site "Chicago"]
[Date "1997.??.??"]
[Round "3"]
[White "Palos, Osman"]
[Black "Fedorowicz, John P"]
[Result "1/2-1/2"]
[WhiteElo "2365"]
[BlackElo "2510"]
[PlyCount "70"]
[EventDate "1997.05.26"]
[EventType "swiss"]
[EventRounds "7"]
[EventCountry "USA"]
[SourceTitle "EXT 2000"]
[Source "ChessBase"]
[SourceDate "1999.11.16"]
[SourceVersion "1"]
[SourceVersionDate "1999.11.16"]
[SourceQuality "1"]

1. e4 c5 2. Nf3 d6 3. c3 Nf6 4. Be2 Nbd7 5. d3 c4 6. Nbd2 cxd3 7. Bxd3 g6 8. 0-0 Bg7 9. Nb3 0-0 10. h3 b6 11. Bg5 Bb7 12. Re1 Qc7 13. Qd2 Rad8 14. Qe3 Ne5 15. Nxe5 dxe5 16. Bxf6 Bxf6 17. Qe2 a5 18. Bb5 h5 19. Nd2 Qc5 20. a4 Bg5 21. Nc4 e6 22. Rab1 Qc7 23. Rbd1 Kg7 24. f3 Be7 25. Kh1 Bc5 26. b3 h4 27. Rf1 g5 28. Rd2 Bc8 29. Rfd1 f6 30. Rd3 Kf7 31. Qd2 Rxd3 32. Qxd3 Ke7 33. Qe2 Rd8 34. Rxd8 Qxd8 35. Kh2 Qc7 1/2-1/2

[Event "Chicago op"]
[Site "Chicago"]
[Date "1997.??.??"]
[Round "7"]
[White "Palos, Osman"]
[Black "Giardelli, Sergio Carlos"]
[Result "1-0"]
[WhiteElo "2365"]
[BlackElo "2460"]
[PlyCount "81"]
[EventDate "1997.05.26"]
[EventType "swiss"]
[EventRounds "7"]
[EventCountry "USA"]
[SourceTitle "EXT 2000"]
[Source "ChessBase"]
[SourceDate "1999.11.16"]
[SourceVersion "1"]
[SourceVersionDate "1999.11.16"]
[SourceQuality "1"]

1. e4 c5 2. Nf3 e6 3. Nc3 a6 4. d4 cxd4 5. Nxd4 Qc7 6. Bd3 Nf6 7. 0-0 Nc6 8. Nxc6 bxc6 9. Qe2 e5 10. f4 Bd6 11. f5 Bc5+ 12. Kh1 h6 13. Na4 Ba7 14. b3 d6 15. Ba3 0-0 16. Rae1 Re8 17. Bc1 d5 18. Qf3 Bb7 19. Qg3 Kf8 20. c4 Bd4 21. Ba3+ Kg8 22. Bc5 Bxc5 23. Nxc5 Bc8 24. cxd5 cxd5 25. Rc1 Qa5 26. exd5 e4 27. Bb1 e3 28. Qf3 Ra7 29. d6 Qb6 30. Qg3 Bd7 31. Rfe1 e2 32. a3 h5 33. h3 a5 34. Qf4 Bc6 35. Bd3 Nd7 36. Qg5 Qd8 37. Qxd8 Rxd8 38. Ne4 Ba8 39. Rxe2 Ne5 40. Bc4 h4 41. Kh2 1-0

[Event "Graz op"]
[Site "Graz"]
[Date "1996.??.??"]
[Round "?"]
[White "Palos, Osman"]
[Black "Peisser, Manfred"]
[Result "1-0"]
[WhiteElo "2340"]
[BlackElo "2205"]
[PlyCount "93"]
[EventDate "1996.06.??"]
[EventType "swiss"]
[EventRounds "9"]
[EventCountry "AUT"]
[SourceTitle "EXT 1998"]
[Source "ChessBase"]
[SourceDate "1997.11.17"]
[SourceVersion "1"]
[SourceVersionDate "1997.11.17"]
[SourceQuality "1"]

1. e4 c5 2. Nf3 e6 3. Nc3 Nc6 4. Bb5 d6 5. 0-0 Be7 6. d4 cxd4 7. Qxd4 Nf6 8. e5 dxe5 9. Qxd8+ Bxd8 10. Nxe5 Bd7 11. Nxd7 Nxd7 12. Rd1 Be7 13. Ne4 Nf6 14. Nd6+ Bxd6 15. Rxd6 Rd8 16. Rxd8+ Kxd8 17. Be3 a6 18. Bf1 Kc8 19. Rd1 Rd8 20. Rxd8+ Kxd8 21. c3 Kd7 22. f3 Nd5 23. Bd2 e5 24. Bd3 g6 25. c4 Nf4 26. Bxf4 exf4 27. Be4 Nd8 28. b4 b6 29. Kf2 Kd6 30. Ke2 h6 31. Bd5 Ke5 32. Kd3 f6 33. a3 g5 34. h3 h5 35. Kc3 h4 36. Kd3 f5 37. Kc3 g4 38. Kd3 g3 39. Kc3 a5 40. bxa5 bxa5 41. a4 Ne6 42. Bxe6 Kxe6 43. Kd4 Kd6 44. c5+ Kc7 45. Kd5 Kd7 46. c6+ Kc8 47. Kc5 1-0

[Event "Schlechter Memorial"]
[Site "Vienna"]
[Date "1996.??.??"]
[Round "3"]
[White "Palos, Osman"]
[Black "Schumi, Manfred"]
[Result "1-0"]
[WhiteElo "2335"]
[BlackElo "2245"]
[PlyCount "75"]
[EventDate "1996.10.10"]
[EventType "swiss"]
[EventRounds "9"]
[EventCountry "AUT"]
[SourceTitle "CBM 055 Extra"]
[Source "ChessBase"]
[SourceDate "1997.01.01"]
[SourceVersion "1"]
[SourceVersionDate "1997.01.01"]
[SourceQuality "1"]

1. e4 c5 2. Nf3 d6 3. Bb5+ Nd7 4. d4 Ngf6 5. Nc3 a6 6. Bxd7+ Nxd7 7. 0-0 cxd4 8. Qxd4 e6 9. Bg5 Qc7 10. Rfe1 Ne5 11. Rad1 f6 12. Bh4 Bd7 13. Bg3 Rc8 14. Nd2 Be7 15. f4 Nc4 16. Nxc4 Qxc4 17. Qd2 Bc6 18. f5 e5 19. Bf2 b5 20. a3 Bb7 21. Qe3 0-0 22. Rd3 b4 23. b3 Qc5 24. Qf3 Qa5 25. axb4 Qxb4 26. Re2 Rc7 27. Na4 Bc6 28. Nb6 Rb8 29. Nd5 Bxd5 30. Rxd5 Rbc8 31. c4 Rb7 32. Rd3 Bd8 33. h3 Bb6 34. Red2 Rc6 35. Qh5 Rb8 36. Kh2 Bxf2 37. Rxf2 a5 38. Rd5 1-0

[Event "Schlechter Memorial"]
[Site "Vienna"]
[Date "1996.??.??"]
[Round "2"]
[White "Sandhu, Mario"]
[Black "Palos, Osman"]
[Result "1/2-1/2"]
[WhiteElo "2130"]
[BlackElo "2335"]
[PlyCount "161"]
[EventDate "1996.10.10"]
[EventType "swiss"]
[EventRounds "9"]
[EventCountry "AUT"]
[SourceTitle "CBM 055 Extra"]
[Source "ChessBase"]
[SourceDate "1997.01.01"]
[SourceVersion "1"]
[SourceVersionDate "1997.01.01"]
[SourceQuality "1"]

1. e4 e6 2. d4 d5 3. Nd2 Nf6 4. e5 Nfd7 5. Bd3 c5 6. c3 Nc6 7. Ngf3 Be7 8. 0-0 cxd4 9. cxd4 Nb6 10. a3 a5 11. b3 Bd7 12. Bb2 a4 13. b4 Na7 14. Qe2 Nbc8 15. Nb1 b5 16. Nc3 Rb8 17. Rad1 Bc6 18. Bc1 h6 19. g4 Qd7 20. h4 Nb6 21. h5 Nc4 22. Ne1 Bd8 23. f4 Bb6 24. Bb1 Nc8 25. Nf3 Ne7 26. Nh4 Qa7 27. Qd3 Kd7 28. Ne2 Rbf8 29. Kh2 Kc8 30. Rf3 Bd7 31. Rdf1 Nc6 32. Rd1 Bd8 33. Ng2 f6 34. exf6 gxf6 35. Rg3 f5 36. gxf5 exf5 37. Nc3 Ne7 38. Re1 Nd6 39. Ba2 Ne4 40. Rg7 Qb7 41. Rxe7 Bxe7 42. Bxd5 Qa6 43. Nxe4 fxe4 44. Bxe4 Bd6 45. Nh4 Rf6 46. Ng6 Re8 47. Ne5 Bc7 48. Bd2 Ref8 49. Rc1 Qd6 50. Rc5 Be8 51. Bf3 Rxf4 52. Bxf4 Rxf4 53. Kg2 Rxd4 54. Qc3 Rd2+ 55. Kf1 Rh2 56. Rd5 Qb6 57. Bg4+ Kb8 58. Qf3 Ka7 59. Rc5 Qd6 60. Nc6+ Kb6 61. Ne5 Ka7 62. Bc8 Qb6 63. Nc6+ Ka8 64. Ne7+ Kb8 65. Bg4 Qd6 66. Nc6+ Bxc6 67. Rxc6 Qe5 68. Rc1 Qd6 69. Rc5 Ra2 70. Rxb5+ Bb6 71. Rd5 Qc7 72. Qf8+ Ka7 73. Rd7 Ra1+ 74. Ke2 Ra2+ 75. Kd3 Rxa3+ 76. Ke2 Ra2+ 77. Kf1 Ra1+ 78. Ke2 Ra2+ 79. Kf1 Ra1+ 80. Ke2 Ra2+ 81. Kf1 1/2-1/2

[Event "Schlechter Memorial"]
[Site "Vienna"]
[Date "1996.??.??"]
[Round "4"]
[White "Stanec, Nikolaus"]
[Black "Palos, Osman"]
[Result "1/2-1/2"]
[WhiteElo "2505"]
[BlackElo "2335"]
[PlyCount "37"]
[EventDate "1996.10.10"]
[EventType "swiss"]
[EventRounds "9"]
[EventCountry "AUT"]
[SourceTitle "CBM 055 Extra"]
[Source "ChessBase"]
[SourceDate "1997.01.01"]
[SourceVersion "1"]
[SourceVersionDate "1997.01.01"]
[SourceQuality "1"]

1. c4 g5 2. Nc3 Bg7 3. d4 g4 4. e4 c5 5. dxc5 Bxc3+ 6. bxc3 Qa5 7. Ne2 Nc6 8. Be3 Nf6 9. Qc2 b6 10. cxb6 axb6 11. Ng3 d6 12. Be2 h5 13. 0-0 h4 14. Nf5 h3 15. g3 Ne5 16. Rfb1 Rb8 17. Nd4 Qa8 18. f3 gxf3 19. Nxf3 1/2-1/2

[Event "Graz op"]
[Site "Graz"]
[Date "1995.??.??"]
[Round "7"]
[White "Palos, Osman"]
[Black "Eingorn, Vereslav S"]
[Result "1/2-1/2"]
[WhiteElo "2355"]
[BlackElo "2600"]
[PlyCount "213"]
[EventDate "1995.09.??"]
[EventType "swiss"]
[EventRounds "9"]
[EventCountry "AUT"]
[SourceTitle "EXT 1998"]
[Source "ChessBase"]
[SourceDate "1997.11.17"]
[SourceVersion "1"]
[SourceVersionDate "1997.11.17"]
[SourceQuality "1"]

1. e4 c5 2. Nf3 a6 3. c3 e6 4. d4 d5 5. e5 Bd7 6. a3 Nc6 7. Be3 c4 8. Nbd2 Na5 9. Be2 Bc6 10. 0-0 Qd7 11. Ng5 Ba4 12. Qb1 h6 13. Nh3 0-0-0 14. Nf4 Kb8 15. Bg4 Ne7 16. Ne2 g6 17. Nc1 Rc8 18. f4 h5 19. Bh3 Nf5 20. Bf2 Be7 21. Nf3 Qd8 22. Ne2 Rc6 23. g3 Rb6 24. Bg2 h4 25. g4 h3 26. Bh1 Nh6 27. g5 Nf5 28. Re1 Qg8 29. Ng3 Ng7 30. Nd2 Qh7 31. Bf3 Rc8 32. Be3 Qh4 33. Kh1 Rb5 34. Ra2 Bd8 35. Qc1 Nc6 36. Be2 Ne7 37. Nf3 Qh8 38. Ng1 Nef5 39. Bf2 Rc6 40. Bg4 Qh4 41. Bxh3 Nh5 42. Nxf5 Qxf2 43. Rf1 Qc2 44. Qxc2 Bxc2 45. Nd6 Rb3 46. Nxf7 Be7 47. Rf2 Bd3 48. Bf1 Bxf1 49. Rxf1 Rc8 50. Nh6 Rf8 51. Nh3 Kc7 52. Ng4 Rh8 53. Rf3 Ng7 54. Nhf2 a5 55. Rh3 Rxh3 56. Nxh3 Nf5 57. Nhf2 b5 58. Nd1 b4 59. axb4 axb4 60. Ra1 bxc3 61. bxc3 Ra3 62. Rxa3 Bxa3 63. Nge3 Bc1 64. Nxf5 exf5 65. h4 Kd7 66. Kg2 Bxf4 67. Kf3 Bd2 68. Ke2 Bc1 69. Ne3 Bxe3 70. Kxe3 Ke7 71. Kf3 Kf7 72. Kg3 Ke7 73. h5 gxh5 74. g6 Ke6 75. Kh4 f4 76. Kxh5 f3 77. Kh6 f2 78. g7 Kf7 79. Kh7 f1Q 80. g8Q+ Ke7 81. Qg7+ Ke6 82. Qg6+ Ke7 83. Qd6+ Ke8 84. Qc6+ Ke7 85. Qb7+ Ke6 86. Qc8+ Ke7 87. Qc7+ Ke8 88. Qc6+ Ke7 89. Qd6+ Ke8 90. Qf6 Qxf6 91. exf6 Kf7 92. Kh8 Kf8 93. Kh7 Kf7 94. Kh8 Kxf6 95. Kg8 Kg6 96. Kf8 Kf6 97. Ke8 Ke6 98. Kf8 Kf5 99. Kf7 Ke4 100. Ke6 Kd3 101. Kxd5 Kxc3 102. Ke5 Kb4 103. d5 c3 104. d6 c2 105. d7 c1Q 106. d8Q Qe1+ 107. Kf5 1/2-1/2

[Event "Casino op 3rd"]
[Site "Velden"]
[Date "1995.??.??"]
[Round "5"]
[White "Palos, Osman"]
[Black "Kuba, Guenter"]
[Result "1-0"]
[WhiteElo "2355"]
[BlackElo "2150"]
[PlyCount "33"]
[EventDate "1995.06.30"]
[EventType "swiss"]
[EventRounds "9"]
[EventCountry "AUT"]
[SourceTitle "EXT 1997"]
[Source "ChessBase"]
[SourceDate "1996.11.15"]
[SourceVersion "1"]
[SourceVersionDate "1996.11.15"]
[SourceQuality "1"]

1. d4 Nf6 2. Bg5 d5 3. Bxf6 gxf6 4. e3 Bf5 5. c4 Bxb1 6. Rxb1 c6 7. Qd2 e6 8. a3 Bd6 9. g3 Nd7 10. cxd5 cxd5 11. Bb5 Qb6 12. Qd3 0-0-0 13. b4 h5 14. h4 e5 15. Ne2 Kb8 16. Nc3 e4 17. Qe2 1-0

[Event "Vienna op"]
[Site "Vienna"]
[Date "1995.??.??"]
[Round "4"]
[White "Palos, Osman"]
[Black "Polak, Tomas"]
[Result "0-1"]
[WhiteElo "2355"]
[BlackElo "2450"]
[PlyCount "124"]
[EventDate "1995.??.??"]
[EventType "swiss"]
[EventRounds "9"]
[EventCountry "AUT"]
[SourceTitle "EXT 1998"]
[Source "ChessBase"]
[SourceDate "1997.11.17"]
[SourceVersion "1"]
[SourceVersionDate "1997.11.17"]
[SourceQuality "1"]

1. d4 Nf6 2. Nf3 e6 3. e3 d5 4. Bd3 c5 5. 0-0 Nc6 6. c4 cxd4 7. exd4 dxc4 8. Bxc4 Be7 9. Nc3 0-0 10. a3 Bd7 11. Qd3 Qa5 12. Ba2 Qh5 13. Re1 Rad8 14. Ne2 Nd5 15. Ng3 Qg6 16. Qd1 Bc8 17. Bb1 f5 18. Bd2 Bf6 19. Ne2 Qf7 20. Ba2 Rfe8 21. Qc2 h6 22. Rad1 Qc7 23. Bc1 Ne5 24. Qb3 Nf7 25. Ng3 g6 26. Qa4 Bd7 27. Qb3 Bc6 28. Bd2 Bg7 29. Qc2 Qd7 30. Rc1 Rc8 31. Qd1 Ba4 32. Qe2 Bb5 33. Qd1 Rxc1 34. Bxc1 Rc8 35. h4 Bc4 36. Bb1 Nf6 37. Bf4 Ng4 38. Ne5 Nfxe5 39. dxe5 Qxd1 40. Rxd1 Bxe5 41. Bxe5 Nxe5 42. Rc1 Rc6 43. Re1 Nf7 44. Nf1 Kg7 45. Ne3 Bb3 46. Bd3 Kf6 47. Be2 e5 48. h5 g5 49. Bb5 Rc5 50. Bd7 Nd6 51. g4 f4 52. Nf5 Nxf5 53. Bxf5 Rd5 54. Be4 Rd1 55. Rxd1 Bxd1 56. f3 b6 57. b4 Ke6 58. Kf2 Bb3 59. Bg6 Bc4 60. Be4 Kd6 61. Bb7 Bd5 62. Ba6 e4 0-1

[Event "Oberwart op"]
[Site "Oberwart"]
[Date "1995.??.??"]
[Round "7"]
[White "Palos, Osman"]
[Black "Spindelboeck, Gernot"]
[Result "1-0"]
[WhiteElo "2355"]
[BlackElo "2190"]
[PlyCount "59"]
[EventDate "1995.07.??"]
[EventType "swiss"]
[EventRounds "9"]
[EventCountry "AUT"]
[SourceTitle "EXT 2001"]
[Source "ChessBase"]
[SourceDate "2000.11.22"]
[SourceVersion "1"]
[SourceVersionDate "2000.11.22"]
[SourceQuality "1"]

1. d4 Nf6 2. c4 e6 3. Nf3 b6 4. e3 Bb7 5. Nc3 d5 6. cxd5 exd5 7. Bb5+ c6 8. Bd3 Bd6 9. 0-0 Nbd7 10. e4 dxe4 11. Nxe4 Nxe4 12. Bxe4 Nf6 13. Bc2 0-0 14. Bg5 Re8 15. Qd3 g6 16. Rfe1 Be7 17. Bb3 Nd5 18. Bxd5 cxd5 19. Rxe7 Rxe7 20. Qa3 f6 21. Bxf6 Kf7 22. Bxe7 Qxe7 23. Qa4 Qe8 24. Qb3 Kg8 25. Re1 Qd7 26. Qa3 a5 27. Re7 Qc6 28. Qe3 Rc8 29. Qe5 Qc1+ 30. Ne1 1-0

[Event "Casino op 3rd"]
[Site "Velden"]
[Date "1995.??.??"]
[Round "8"]
[White "Waldmann, Gerald"]
[Black "Palos, Osman"]
[Result "0-1"]
[WhiteElo "2265"]
[BlackElo "2331"]
[PlyCount "78"]
[EventDate "1995.06.30"]
[EventType "swiss"]
[EventRounds "9"]
[EventCountry "AUT"]
[SourceTitle "EXT 2022"]
[Source "ChessBase"]
[SourceDate "2021.10.06"]
[SourceVersion "1"]
[SourceVersionDate "2021.10.06"]
[SourceQuality "1"]

1. e4 c5 2. c3 e6 3. d4 cxd4 4. cxd4 d5 5. e5 Ne7 6. Na3 Nec6 7. Nc2 Nd7 8. Nf3 Be7 9. Bd3 Nb6 10. 0-0 Bd7 11. a3 a5 12. b3 a4 13. b4 Na7 14. Qe2 0-0 15. Ne3 Rc8 16. Bb2 Qe8 17. h4 Bb5 18. Rac1 Bxd3 19. Qxd3 Qb5 20. Qb1 Nc4 21. Nxc4 Rxc4 22. Rxc4 dxc4 23. Qc2 Nc8 24. g3 Nb6 25. Nd2 Rc8 26. Bc3 Nd5 27. Ne4 Qc6 28. Re1 Rd8 29. f3 b5 30. Kf2 Qd7 31. Rd1 f6 32. f4 f5 33. Nc5 Qc6 34. Qb2 Kf7 35. Bd2 g6 36. Be3 h6 37. Qc2 Rh8 38. Re1 g5 39. h5 gxf4 0-1

[Event "Oberwart op"]
[Site "Oberwart"]
[Date "1995.??.??"]
[Round "9"]
[White "Wells, Peter K"]
[Black "Palos, Osman"]
[Result "1-0"]
[WhiteElo "2530"]
[BlackElo "2355"]
[PlyCount "78"]
[EventDate "1995.07.??"]
[EventType "swiss"]
[EventRounds "9"]
[EventCountry "AUT"]
[SourceTitle "EXT 2001"]
[Source "ChessBase"]
[SourceDate "2000.11.22"]
[SourceVersion "1"]
[SourceVersionDate "2000.11.22"]
[SourceQuality "1"]

1. e4 e6 2. d4 d5 3. Nd2 Ne7 4. Ngf3 Ng6 5. h4 h6 6. h5 Ne7 7. Bd3 c5 8. dxc5 Qa5 9. a3 Qxc5 10. b4 Qb6 11. c4 a5 12. c5 Qd8 13. Bb2 axb4 14. axb4 Rxa1 15. Qxa1 f6 16. 0-0 Kf7 17. Re1 Na6 18. Ba3 g5 19. exd5 Nxd5 20. Bg6+ Kg7 21. Ne4 Nac7 22. Ne5 Be7 23. Nf7 Qf8 24. Nxh8 Kxh8 25. Bb2 Bd7 26. Nd6 Nxb4 27. Qd1 Bc6 28. f4 Nbd5 29. fxg5 hxg5 30. Qg4 e5 31. h6 Be8 32. Nxe8 Bxc5+ 33. Kf1 Qxh6 34. Qh5 Qxh5 35. Bxh5 Nxe8 36. Bxe8 Ne3+ 37. Ke2 Nxg2 38. Rd1 Kg7 39. Bb5 g4 1-0

[Event "Vienna op"]
[Site "Vienna"]
[Date "1994.??.??"]
[Round "1"]
[White "Palos, Osman"]
[Black "Erhart, Helmut"]
[Result "1-0"]
[WhiteElo "2375"]
[BlackElo "2065"]
[PlyCount "60"]
[EventDate "1994.10.??"]
[EventType "swiss"]
[EventRounds "9"]
[EventCountry "AUT"]
[SourceTitle "EXT 1998"]
[Source "ChessBase"]
[SourceDate "1997.11.17"]
[SourceVersion "1"]
[SourceVersionDate "1997.11.17"]
[SourceQuality "1"]

1. e4 c5 2. Nf3 d6 3. d4 cxd4 4. Nxd4 Nf6 5. Nc3 g6 6. f4 Nc6 7. Nf3 Bg4 8. h3 Bxf3 9. Qxf3 Bg7 10. Be3 Qa5 11. Bd3 a6 12. 0-0 Rc8 13. a3 b5 14. Qf2 Nd7 15. e5 0-0 16. exd6 exd6 17. f5 Qd8 18. Nd5 Nf6 19. Nxf6+ Qxf6 20. c3 Ne5 21. Bc2 g5 22. Rad1 g4 23. Qg3 h5 24. h4 Bh6 25. Bxh6 Qxh6 26. f6 Nc4 27. Rd5 Rc5 28. Rxc5 dxc5 29. Rf5 Qc1+ 30. Kh2 Qxc2 1-0

[Event "Vienna op"]
[Site "Vienna"]
[Date "1994.??.??"]
[Round "3"]
[White "Palos, Osman"]
[Black "Nagel, Herbert"]
[Result "1-0"]
[WhiteElo "2375"]
[BlackElo "2210"]
[PlyCount "49"]
[EventDate "1994.10.??"]
[EventType "swiss"]
[EventRounds "9"]
[EventCountry "AUT"]
[SourceTitle "EXT 1998"]
[Source "ChessBase"]
[SourceDate "1997.11.17"]
[SourceVersion "1"]
[SourceVersionDate "1997.11.17"]
[SourceQuality "1"]

1. d4 Nf6 2. Bg5 c5 3. d5 Qb6 4. Nc3 Qxb2 5. Bd2 Qb6 6. e4 d6 7. f4 e6 8. Rb1 Qc7 9. Bb5+ Bd7 10. Qe2 a6 11. Bxd7+ Qxd7 12. dxe6 fxe6 13. e5 dxe5 14. fxe5 Nd5 15. Nh3 Nc6 16. 0-0 0-0-0 17. Ng5 Re8 18. Nf7 Rg8 19. Ne4 b5 20. Nfd6+ Bxd6 21. Nxd6+ Kc7 22. c4 Nd4 23. Qd3 Nb6 24. Qa3 Na4 25. Qxa4 1-0

[Event "Vienna op"]
[Site "Vienna"]
[Date "1994.??.??"]
[Round "2"]
[White "Todor, Razvan"]
[Black "Palos, Osman"]
[Result "1/2-1/2"]
[WhiteElo "2165"]
[BlackElo "2375"]
[PlyCount "43"]
[EventDate "1994.10.??"]
[EventType "swiss"]
[EventRounds "9"]
[EventCountry "AUT"]
[SourceTitle "EXT 1998"]
[Source "ChessBase"]
[SourceDate "1997.11.17"]
[SourceVersion "1"]
[SourceVersionDate "1997.11.17"]
[SourceQuality "1"]

1. c4 e5 2. g3 Nf6 3. Bg2 Nc6 4. Nf3 h6 5. d3 Bb4+ 6. Bd2 a5 7. Nc3 0-0 8. 0-0 Re8 9. Nd5 Bxd2 10. Nxf6+ Qxf6 11. Nxd2 d6 12. Ne4 Qd8 13. Nc3 Nd4 14. e3 Ne6 15. Qd2 c6 16. d4 exd4 17. exd4 Nc7 18. Rfe1 Bf5 19. Rxe8+ Nxe8 20. Re1 Nf6 21. d5 c5 22. Qf4 1/2-1/2

[Event "Cattolica op"]
[Site "Cattolica"]
[Date "1993.??.??"]
[Round "6"]
[White "Almasi, Zoltan"]
[Black "Palos, Osman"]
[Result "1-0"]
[WhiteElo "2580"]
[BlackElo "2390"]
[PlyCount "97"]
[EventDate "1993.05.??"]
[EventType "swiss"]
[EventRounds "9"]
[EventCountry "ITA"]
[SourceTitle "TD"]
[Source "ChessBase"]
[SourceDate "1994.03.01"]
[SourceVersion "1"]
[SourceVersionDate "1994.03.01"]
[SourceQuality "1"]

1. e4 e5 2. Nf3 Nc6 3. Bb5 Bc5 4. 0-0 Nd4 5. Nxd4 Bxd4 6. c3 Bb6 7. Na3 c6 8. Ba4 Qh4 9. d4 exd4 10. cxd4 Ne7 11. d5 cxd5 12. exd5 0-0 13. d6 Ng6 14. Bb3 Bc5 15. Qd5 Qd4 16. Qxd4 Bxd4 17. Nb5 Bf6 18. Re1 b6 19. Nc7 Rb8 20. Nd5 Bb7 21. Nxf6+ gxf6 22. Bh6 Rfe8 23. Re3 Rxe3 24. fxe3 Rc8 25. Rf1 Ba6 26. Rf3 Rc6 27. e4 Rxd6 28. Bd5 Bb5 29. Rg3 Bc6 30. Bf4 Rxd5 31. exd5 Bxd5 32. Bh6 f5 33. h4 f4 34. Ra3 Nxh4 35. Rxa7 Bc6 36. Ra6 b5 37. Bxf4 f5 38. g3 Ng6 39. b3 h5 40. a4 bxa4 41. bxa4 h4 42. a5 Ne7 43. gxh4 Nd5 44. Be5 Kh7 45. Kf2 Kg6 46. Kg3 Kh5 47. Ra7 Kg6 48. a6 Ne7 49. Rc7 1-0